MDQL
is popping MORE tags! Check the
thread
!
Quizzes
Events
Quiz Creation
Community
Videos
Private Events
Remove Ads
Sign In
Join for FREE
Feedback
Dark Mode
Quiz Categories
Sports
Geography
Music
Movies
Television
Just For Fun
Miscellaneous
History
Literature
Language
Science
Gaming
Entertainment
Religion
Holiday
For Kids
Quiz Lab
Recent
Popular Today
Quiz Kudos Today
Editor Picks
Curator Picks
Quizzes by...
Day
Popularity
Type
Ratings
Length
Year
Community
Subscriptions
Recent Discussions
Orange Saloon
Badges
Playlists
Quests
Create
Leaderboards
Showdown
Live 5
Trivia Bingo
Activity
Puzzle Library
Sporcle Events
Private Events
Virtual Trivia
Globe League
Become a Host
Pub Owners
SporcleCon
Opinionation
Our Games
Videos
Blog
Mobile Apps
Partnerships
Remove Ads and Go Orange
Feedback
Music
Pop Music
The Beatles
Song
Album
Lyrics
Bands
Singers
Artist
Clip
Rock
Rap
Classical
Billboard
Country Music
Kpop
Taylor Swift
Music
Pop Music
The Beatles
Song
Album
Lyrics
Bands
Singers
Artist
Clip
Rock
Rap
Classical
Billboard
Country Music
Kpop
Taylor Swift
Random Quiz
Search Sporcle
×
Quiz Lab
Quiz Lab
Music
Song
Type in answers that appear in a list
Type in answers that appear in a list
Classic
Best Score? Go Orange.
Pumped Up Kicks Stats
Can you name the lyrics to Foster the People's song 'Pumped Up Kicks'?
By
Dumble
4m
235 Questions
3,445 Plays
3,445 Plays
3,445 Plays
Comments
Comments
Give Quiz Kudos
Give Quiz Kudos
-
- Ratings
hide this ad
More Info
Replay
Link that replays current quiz
Next Quiz
Link to next quiz in quiz playlist
You Got
0%
They Got
Avg Score
75%
Avg Friend Score
Upgrade to see
Score Distribution
Jump to the score distribution portion of the page
Score
0/235
Timer
04:00
0
Plays Today
Lyrics
% Correct
a
98.5%
a
98.5%
a
98.5%
a
98.5%
a
98.5%
a
98.5%
a
98.5%
a
98.5%
a
98.5%
the
97.2%
the
97.2%
the
97.2%
the
97.2%
the
97.2%
the
97.2%
the
97.2%
the
97.2%
the
97.2%
the
97.2%
the
97.2%
the
97.2%
the
97.2%
the
97.2%
the
97.2%
pumped
94.5%
pumped
94.5%
pumped
94.5%
pumped
94.5%
pumped
94.5%
pumped
94.5%
up
94.2%
up
94.2%
up
94.2%
up
94.2%
up
94.2%
up
94.2%
All
94%
All
94%
All.
94%
All.
94%
All.
94%
All.
94%
kicks
93.9%
kicks
93.9%
kicks
93.9%
kicks
93.9%
kicks
93.9%
kicks
93.9%
with
93.4%
with
93.4%
with
93.4%
with
93.4%
with
93.4%
with
93.4%
with
93.4%
run,
92.5%
run,
92.5%
run,
92.5%
run,
92.5%
run,
92.5%
run,
92.5%
run,
92.5%
run,
92.5%
run,
92.5%
run,
92.5%
run,
92.5%
run,
92.5%
kids
92.4%
kids
92.4%
kids
92.4%
kids
92.4%
kids
92.4%
kids
92.4%
other
92.3%
other
92.3%
other
92.3%
other
92.3%
other
92.3%
other
92.3%
Lyrics
% Correct
you
91.8%
you,
91.8%
you.
91.8%
you
91.8%
better
91.6%
better
91.6%
better
91.6%
better
91.6%
better
91.6%
better
91.6%
better
91.6%
better
91.6%
better
91.6%
better
91.6%
better
91.6%
better
91.6%
kid.
91.3%
my
90.7%
my
90.7%
my
90.7%
my
90.7%
my
90.7%
my
90.7%
my
90.7%
my
90.7%
be
90.5%
gun.
90.4%
gun.
90.4%
gun.
90.4%
gun.
90.4%
he
88.2%
out
88.2%
he
88.2%
He
88.2%
got
86.6%
got
86.6%
quick
83.4%
quick
83.4%
I
83.3%
I
83.3%
hand.
83.1%
hand
83.1%
bullet.
82.6%
bullet.
82.6%
bullet.
82.6%
faster
82.2%
faster
82.2%
faster
82.2%
He's
81.4%
he's
81.4%
he's
81.4%
he's
81.4%
he's
81.4%
he's
81.4%
than
81%
than
81%
than
79.5%
cigarette,
77%
cigarette,
77%
outrun
74.4%
outrun
74.4%
outrun
74.4%
his
73.8%
his
73.8%
his
73.8%
coming
71.8%
coming
71.8%
coming
71.8%
coming
71.8%
yeah
71.7%
Yeah
71.1%
yeah
71.1%
Yeah
71.1%
yeah.
71.1%
for
70.4%
for
70.4%
for
70.4%
look
68.6%
Robert's
68.6%
Lyrics
% Correct
cowboy
67.5%
In
66.7%
in
66.7%
in
66.7%
in
66.7%
plan.
65.9%
and
65.9%
And
65.9%
and
65.9%
and
65.9%
tell
65.8%
won't
63.1%
around
63%
of
61.8%
of
61.8%
hanging
61.1%
room,
61.1%
rolled
61%
mouth
60.9%
Daddy
60%
don't
59.4%
know
59.1%
long
58.9%
long
58.9%
even
56.9%
But
56.9%
shooter
56.3%
what.
56.3%
six
55.9%
day.
54.3%
box
53.3%
fun
52.2%
He'll
51.2%
works
50.7%
dad's
50.6%
closet
50.2%
things,
49.6%
me
49.5%
found
48.5%
home
47.6%
home
47.6%
surprise.
47.6%
bringing
46.5%
late,
45.4%
late.
45.4%
on
44.8%
you'd
43.9%
you'd
43.9%
you'd
43.9%
you'd
43.9%
you'd
43.9%
you'd
43.9%
your
42%
your
42%
kitchen
40.4%
time.
38.2%
fire,
38%
trigger,
37.8%
is
37.4%
pull
37%
it's
36.8%
hair's
34.3%
dinner's
33.8%
ice.
32.9%
have
31.8%
waited
31.7%
I've
31.4%
packed
31.4%
now
30.2%
lost
29.8%
slight
29.2%
must
28%
reason
27.9%
wits,
27.2%
say
26.6%
'Cause
22.7%
hidden
20.6%
Quiz Playlist
Details
Report
Send in Message
Add To Playlist
More Info:
Hello! Thanks for playing. If you have any complaints, please comment. Good luck, and enjoy.
Classic:
Type in answers that appear in a list
Quiz Source
Last Updated: Feb 16, 2017
Quiz Scoreboard
CHALLENGE
Sign Up to Join the Scoreboard
Show All
Scores
Hide
Comments
May contain spoilers
Recently Published
Find the 'City' Movie
by crazypaving
Movies
60s
5x2 Blitz: Bands
by SL_Kpop136
Music
30s
Colored Red Africa Blitz
by spor1
Geography
30s
More to Explore
Quiz From the Vault
Featured Blog Post
14 Easter Pick-up Lines to Find Eggs With
hide this ad
You Might Also Like...
Tags
Song Quiz
Jodie Foster
kick
Today's Top Quizzes in Music
Browse Music
hide this ad
Today's Top Quizzes in Song
Browse Song
Top Contributed Quizzes in Music
1
5X2 Blitz: Bands II
2
Taylor Swift Logic Puzzle II
3
Taylor Swift All Songs (2024)
4
5X2 Blitz: The Beatles
5
5X2 Blitz: Billboard
6
5X2 Blitz: Singers
7
5X2 Blitz: Album
8
5X2 Blitz: Rock
9
Music Artist by Three 2010s hits
10
5X2 Blitz: Billboard II
Explore More
Trending Topics
Anime
Crossword
Kpop
Harry Potter
Disney
NBA
Marvel
Soccer
Puzzle
Song
WWE
Pokémon
Country
NFL
The Office
hide this ad
More By:
Dumble
Quiz
Plays
Rating
Category
Featured
Created
Word Ladder: Something Fishy
21,810
4.48
Just For Fun
May 23, 2011
Pumped Up Kicks
3,445
4.46
Music
Sep 5, 2011
Super Mario Sunshine Trivia
1,453
2.07
Gaming
May 9, 2011
Mysterious Benedict Society Random Trivia
559
3.67
Literature
May 7, 2011
Poll- Ketchup or Mustard
175
2.00
Miscellaneous
Oct 8, 2011
Go to Creator's Profile
Score Distribution
Quiz Creator Spotlight
Dumble
Follow
Send a Message
Quizzes Created
-
Created Quiz Play Count
-
More By This Creator
Popular Quizzes Today
1
Find the 'City' Movie
2
Colored Red Africa Blitz
3
5x2 Blitz: Bands
4
Find the US States - No Outlines Minefield
5
The Countries of the World
6
Find the US States
7
US States
8
9x9 Crossword: Cartoon Network
More Music Quizzes
Clueless Letter Lines: NCT Members
Quiz Lab
Trending Quizzes
Colored Red Europe Blitz I
Colored Red Africa Blitz II
Colored Red Europe Blitz II
Colored Red Europe Blitz III
Colored Red Africa Blitz III
Recently Updated
Famous TV Couples
Peacemaker
Champions League XIs: Real Madrid
pecheneg
Largest US Cities 1790-2010
pecheneg
Rides in Walt Disney World
pecheneg
Most Oscar Losses (Acting)
pecheneg
Beyoncé Albums
pecheneg
Leaping Animals
pecheneg
Reality TV Shows (A-Z)
bhenderson79
Rickey Henderson's Hall of Fame Teammates
pecheneg
Champions League XIs: Arsenal
pecheneg
Trending Topics
Disney
Anime
Harry Potter
Marvel
NBA
Crossword
Kpop
Country
Pokémon
WWE
The Office
Puzzle
Soccer
Song
NFL
Your Account Isn't Verified!
In order to create a playlist on Sporcle, you need to verify the email address you used during registration. Go to your
Sporcle Settings
to finish the process.
Report this User
Report this user for behavior that violates our
Community Guidelines
.
Details:
Send Report
Go to the Sporcle.com Mobile Site →
Comments